| 000 | 00989nam a2200253Ia 4500 | ||
|---|---|---|---|
| 003 | OSt | ||
| 005 | 20210602130524.0 | ||
| 008 | 210310s1989 ck ad gr 001 0 spa d | ||
| 020 | _a958616117X | ||
| 040 |
_aCO-JMCR _cCO-JMCR |
||
| 041 | 0 | _aspa | |
| 082 | 0 | 4 |
_a336 / _bL912t1 _223 |
| 100 | 1 |
_aLow Murtra, Enrique, _925645 _eautor |
|
| 245 | 1 | 0 |
_aTeoría fiscal / _cEnrique Low Murtra y Jorge Gómez Ricardo |
| 250 | _aSegunda edición | ||
| 260 |
_aBogotá : _bUniversidad Externado de Colombia, _c1989 |
||
| 300 |
_a258 páginas : _bilustraciones y gráficas a blanco y negro ; _c23 cm. |
||
| 500 | _aIncluye notas a pie de página e índice analítico. | ||
| 505 | 0 | _aGeneralidades -- Asignación de recursos -- Distribución del ingreso-equidad -- La estabilización económica -- Crecimiento económico | |
| 650 | 1 | 4 |
_aDerecho tributario _925647 _zColombia |
| 650 | 2 | 4 |
_aPolítica fiscal _zColombia _96903 |
| 700 | 1 |
_aGómez Ricardo, Jorge, _eautor _933797 |
|
| 942 |
_2ddc _cBK |
||
| 999 |
_c11482 _d11482 |
||